[Event "Zagreb GP U16"]
[Site "Zagreb"]
[Date "2013.05.26"]
[Round "1"]
[White "Markovic, Matej"]
[Black "Marijanovic, Antonija"]
[Result "1-0"]
[WhiteElo "1690"]
[BlackElo "1600"]
[PlyCount "35"]
[EventDate "2013.05.26"]
[EventType "swiss"]
[EventRounds "6"]
[EventCountry "CRO"]
[SourceTitle "CBM 154 Extra"]
[Source "ChessBase"]
[SourceDate "2013.06.25"]
[SourceVersion "2"]
[SourceVersionDate "2013.06.25"]
[SourceQuality "1"]

1. d4 d5 2. c4 e6 3. Nc3 Nf6 4. Bg5 Be7 5. Nf3 0-0 6. e3 Nc6 7. Bd3 Bd7 8. cxd5 exd5 9. Bxf6 gxf6 10. Nxd5 Bd6 11. 0-0 Qe8 12. Nxf6+ Kg7 13. Nxe8+ Rfxe8 14. Nd2 Red8 15. Qh5 Kf6 16. Ne4+ Ke6 17. Bc4+ Ke7 18. Qxf7# 1-0